Guide to field experiences and portfolio development to accompany : Learning to teach

Đã lưu trong:
书目详细资料
主要作者: Arends, Richard I.
格式: 图书
语言:Undetermined
出版: Boston McGraw- Hill 2004
主题:
标签: 添加标签
没有标签, 成为第一个标记此记录!
Thư viện lưu trữ: Trung tâm Học liệu Trường Đại học Cần Thơ
LEADER 00555nam a2200193Ia 4500
001 CTU_80758
008 210402s9999 xx 000 0 und d
082 |a 373.042 
082 |b A675 
100 |a Arends, Richard I. 
245 0 |a Guide to field experiences and portfolio development to accompany : 
245 0 |b Learning to teach 
245 0 |c Richard I. Arends 
260 |a Boston 
260 |b McGraw- Hill 
260 |c 2004 
650 |a Education,Teaching 
904 |i Mai Loan,Hải 
980 |a Trung tâm Học liệu Trường Đại học Cần Thơ